MARC details
| 000 -LEADER |
| fixed length control field |
04846cam a2200697 i 4500 |
| 001 - CONTROL NUMBER |
| control field |
data |
| 005 - DATE AND TIME OF LATEST TRANSACTION |
| control field |
20260322212104.0 |
| 008 - FIXED-LENGTH DATA ELEMENTS--GENERAL INFORMATION |
| fixed length control field |
data |
| 035 ## - SYSTEM CONTROL NUMBER |
| System control number |
19135511 |
| 010 ## - LIBRARY OF CONGRESS CONTROL NUMBER |
| LC control number |
2016944634 |
| 020 ## - INTERNATIONAL STANDARD BOOK NUMBER |
| International Standard Book Number |
9780128028506 |
| 020 ## - INTERNATIONAL STANDARD BOOK NUMBER |
| International Standard Book Number |
0128028505 |
| 020 ## - INTERNATIONAL STANDARD BOOK NUMBER |
| Canceled/invalid ISBN |
9780128028841 |
| Qualifying information |
(e-book) |
| 035 ## - SYSTEM CONTROL NUMBER |
| System control number |
(OCoLC)952982970 |
| 040 ## - CATALOGING SOURCE |
| Original cataloging agency |
BTCTA |
| Language of cataloging |
eng |
| Transcribing agency |
BTCTA |
| Description conventions |
rda |
| Modifying agency |
DLC |
| -- |
YDXCP |
| -- |
YAM |
| -- |
OCLCQ |
| -- |
OCLCF |
| -- |
OCLCQ |
| -- |
SHH |
| -- |
OBE |
| -- |
NRC |
| -- |
NDD |
| -- |
DLC |
| 042 ## - AUTHENTICATION CODE |
| Authentication code |
pcc |
| 050 00 - LIBRARY OF CONGRESS CALL NUMBER |
| Classification number |
QL858 |
| Item number |
.B47 2017 |
| 082 00 - DEWEY DECIMAL CLASSIFICATION NUMBER |
| Classification number |
591.4/4 |
| Edition information |
23 |
| 100 1# - MAIN ENTRY--PERSONAL NAME |
| Personal name |
Berkovitz, B. K. B., |
| Relator term |
author. |
| 245 14 - TITLE STATEMENT |
| Title |
The teeth of non-mammalian vertebrates / |
| Statement of responsibility, etc. |
Barry Berkovitz, Emeritus Reader in Dental Anatomy, King's College London, United Kingdom ; Visiting Professor, Oman Dental College, Mina Al Fahal, Oman ; Honorary Curator, Odontological Collection, Hunterian Museum, Royal College of Surgeons of England, London, United Kingdom, Peter Shellis, Department of Preventive, Restorative and Pediatric Dentistry, University of Bern, Switzerland. |
| 264 #1 - PRODUCTION, PUBLICATION, DISTRIBUTION, MANUFACTURE, AND COPYRIGHT NOTICE |
| Place of production, publication, distribution, manufacture |
San Diego, CA, United States : |
| -- |
San Diego, CA, United States : |
| Name of producer, publisher, distributor, manufacturer |
Academic Press is an imprint of Elsevier, |
| Date of production, publication, distribution, manufacture, or copyright notice |
[2017] |
| 264 #4 - PRODUCTION, PUBLICATION, DISTRIBUTION, MANUFACTURE, AND COPYRIGHT NOTICE |
| Date of production, publication, distribution, manufacture, or copyright notice |
©2017 |
| 300 ## - PHYSICAL DESCRIPTION |
| Extent |
xi, 342 pages : |
| Other physical details |
illustrations (chiefly color) ; |
| Dimensions |
29 cm |
| 336 ## - CONTENT TYPE |
| Content type term |
text |
| Content type code |
txt |
| Source |
rdacontent |
| 336 ## - CONTENT TYPE |
| Content type term |
still image |
| Content type code |
sti |
| Source |
rdacontent |
| 337 ## - MEDIA TYPE |
| Media type term |
unmediated |
| Media type code |
n |
| Source |
rdamedia |
| 338 ## - CARRIER TYPE |
| Carrier type term |
volume |
| Carrier type code |
nc |
| Source |
rdacarrier |
| 500 ## - GENERAL NOTE |
| General note |
Book available in 2016. |
| 504 ## - BIBLIOGRAPHY, ETC. NOTE |
| Bibliography, etc. note |
Includes bibliographical references and index. |
| 505 0# - FORMATTED CONTENTS NOTE |
| Formatted contents note |
Cyclostomes -- Chondrichthyes 1 : sharks -- Chondrichthyes 2 : rays and chimaeras -- Osteichthyes -- Amphibia -- Reptiles 1 : tuatara and lizards -- Reptiles 2 : snakes -- Reptiles 3 : crocodylia -- Tooth formation -- Tooth replacement and ontogeny of the dentition -- Dentine and dental pulp -- Enameloid and enamel. |
| 520 ## - SUMMARY, ETC. |
| Summary, etc. |
"The Teeth of Non-Mammalian Vertebrates is the first comprehensive publication devoted to the teeth and dentitions of living fishes, amphibians and reptiles. The book presents a comprehensive survey of the amazing variety of tooth forms among non-mammalian vertebrates, based on descriptions of approximately 400 species belonging to about 160 families. The text is lavishly illustrated with more than 600 high-quality color and monochrome photographs of specimens gathered from top museum collections and researchers from around the world, supplemented by radiographs, scanning electron micrographs, and micro-CT images. This stimulating work discusses the functional morphology of feeding, the attachment of teeth, and the relationship of tooth form to function, with each chapter accompanied by a comprehensive, up-to-date reference list. Following the descriptions of the teeth and dentitions in each class, four chapters review current topics with considerable research activity: tooth development; tooth replacement; and the structure, formation, and evolution of the dental hard tissues. This timely book, authored by internationally recognized teachers and researchers in the field, also reflects the resurgence of interest in the dentitions of non-mammalian vertebrates as experimental systems to help understand genetic changes in the evolution of teeth and jaws. Key features: provides detailed coverage of the dentition of all living groups of non-mammalian vertebrates; includes clear, concise, and up-to-date reviews of tooth structure, attachment, development, and replacement, together with helpful reading lists; offers guidance on tooth morphology for classification and evolution of vertebrates."-- |
| Assigning source |
Page 4 of cover. |
| 650 #0 - SUBJECT ADDED ENTRY--TOPICAL TERM |
| Topical term or geographic name entry element |
Teeth. |
| 650 #0 - SUBJECT ADDED ENTRY--TOPICAL TERM |
| Topical term or geographic name entry element |
Fishes |
| General subdivision |
Anatomy. |
| 650 #0 - SUBJECT ADDED ENTRY--TOPICAL TERM |
| Topical term or geographic name entry element |
Amphibians |
| General subdivision |
Anatomy. |
| 650 #0 - SUBJECT ADDED ENTRY--TOPICAL TERM |
| Topical term or geographic name entry element |
Reptiles |
| General subdivision |
Anatomy. |
| 650 #0 - SUBJECT ADDED ENTRY--TOPICAL TERM |
| Topical term or geographic name entry element |
Dentition. |
| 650 #0 - SUBJECT ADDED ENTRY--TOPICAL TERM |
| Topical term or geographic name entry element |
Vertebrates |
| General subdivision |
Anatomy. |
| 650 #4 - SUBJECT ADDED ENTRY--TOPICAL TERM |
| Topical term or geographic name entry element |
Amphibians |
| General subdivision |
Anatomy. |
| 650 #4 - SUBJECT ADDED ENTRY--TOPICAL TERM |
| Topical term or geographic name entry element |
Dentition. |
| 650 #4 - SUBJECT ADDED ENTRY--TOPICAL TERM |
| Topical term or geographic name entry element |
Fishes |
| General subdivision |
Anatomy. |
| 650 #4 - SUBJECT ADDED ENTRY--TOPICAL TERM |
| Topical term or geographic name entry element |
Reptiles |
| General subdivision |
Anatomy. |
| 650 #4 - SUBJECT ADDED ENTRY--TOPICAL TERM |
| Topical term or geographic name entry element |
Teeth. |
| 650 #4 - SUBJECT ADDED ENTRY--TOPICAL TERM |
| Topical term or geographic name entry element |
Vertebrates |
| General subdivision |
Anatomy. |
| 650 #7 - SUBJECT ADDED ENTRY--TOPICAL TERM |
| Topical term or geographic name entry element |
Amphibians |
| General subdivision |
Anatomy. |
| 650 #7 - SUBJECT ADDED ENTRY--TOPICAL TERM |
| Topical term or geographic name entry element |
Dentition. |
| 650 #7 - SUBJECT ADDED ENTRY--TOPICAL TERM |
| Topical term or geographic name entry element |
Fishes |
| General subdivision |
Anatomy. |
| 650 #7 - SUBJECT ADDED ENTRY--TOPICAL TERM |
| Topical term or geographic name entry element |
Reptiles |
| General subdivision |
Anatomy. |
| 650 #7 - SUBJECT ADDED ENTRY--TOPICAL TERM |
| Topical term or geographic name entry element |
Teeth. |
| 650 #7 - SUBJECT ADDED ENTRY--TOPICAL TERM |
| Topical term or geographic name entry element |
Vertebrates |
| General subdivision |
Anatomy. |
| 650 #7 - SUBJECT ADDED ENTRY--TOPICAL TERM |
| Topical term or geographic name entry element |
Amphibians |
| General subdivision |
Anatomy. |
| Source of heading or term |
fast |
| Authority record control number or standard number |
(OCoLC)fst00807902 |
| 650 #7 - SUBJECT ADDED ENTRY--TOPICAL TERM |
| Topical term or geographic name entry element |
Dentition. |
| Source of heading or term |
fast |
| Authority record control number or standard number |
(OCoLC)fst00890746 |
| 650 #7 - SUBJECT ADDED ENTRY--TOPICAL TERM |
| Topical term or geographic name entry element |
Fishes |
| General subdivision |
Anatomy. |
| Source of heading or term |
fast |
| Authority record control number or standard number |
(OCoLC)fst00926369 |
| 650 #7 - SUBJECT ADDED ENTRY--TOPICAL TERM |
| Topical term or geographic name entry element |
Reptiles |
| General subdivision |
Anatomy. |
| Source of heading or term |
fast |
| Authority record control number or standard number |
(OCoLC)fst01095022 |
| 650 #7 - SUBJECT ADDED ENTRY--TOPICAL TERM |
| Topical term or geographic name entry element |
Teeth. |
| Source of heading or term |
fast |
| Authority record control number or standard number |
(OCoLC)fst01145710 |
| 650 #7 - SUBJECT ADDED ENTRY--TOPICAL TERM |
| Topical term or geographic name entry element |
Vertebrates |
| General subdivision |
Anatomy. |
| Source of heading or term |
fast |
| Authority record control number or standard number |
(OCoLC)fst01165546 |
| 700 1# - ADDED ENTRY--PERSONAL NAME |
| Personal name |
Shellis, R. P. |
| Fuller form of name |
(Robert Peter), |
| Relator term |
author. |
| 906 ## - LOCAL DATA ELEMENT F, LDF (RLIN) |
| a |
7 |
| b |
cbc |
| c |
pccadap |
| d |
2 |
| e |
ncip |
| f |
20 |
| g |
y-gencatlg |
| 925 0# - |
| -- |
acquire |
| -- |
1 shelf copy |
| -- |
policy default |
| 955 ## - COPY-LEVEL INFORMATION (RLIN) |
| -- |
xm08 2017-06-26 (telework) |